<?xml version="1.0" encoding="UTF-8"?><marc:collection xmlns:marc="http://www.loc.gov/MARC21/slim">
  <marc:record>
    <marc:leader>00000nam  2200000zi 4500</marc:leader>
    <marc:controlfield tag="001">9.888828</marc:controlfield>
    <marc:controlfield tag="003">CaOODSP</marc:controlfield>
    <marc:controlfield tag="005">20221107172114</marc:controlfield>
    <marc:controlfield tag="006">m     o  d f      </marc:controlfield>
    <marc:controlfield tag="007">cr |n|||||||||</marc:controlfield>
    <marc:controlfield tag="008">200630t20072007onc     ob   f001 0 eng d</marc:controlfield>
    <marc:datafield tag="020" ind1=" " ind2=" ">
      <marc:subfield code="z">1550026941</marc:subfield>
      <marc:subfield code="z">9781550026948</marc:subfield>
    </marc:datafield>
    <marc:datafield tag="040" ind1=" " ind2=" ">
      <marc:subfield code="a">CaOODSP</marc:subfield>
      <marc:subfield code="b">eng</marc:subfield>
      <marc:subfield code="e">rda</marc:subfield>
      <marc:subfield code="c">CaOODSP</marc:subfield>
    </marc:datafield>
    <marc:datafield tag="043" ind1=" " ind2=" ">
      <marc:subfield code="a">n-cn---</marc:subfield>
    </marc:datafield>
    <marc:datafield tag="086" ind1="1" ind2=" ">
      <marc:subfield code="a">D2-193/2007E-PDF</marc:subfield>
    </marc:datafield>
    <marc:datafield tag="245" ind1="0" ind2="0">
      <marc:subfield code="a">Casting light on the shadows : </marc:subfield>
      <marc:subfield code="b">Canadian perspectives on special operations forces / </marc:subfield>
      <marc:subfield code="c">edited by Colonel Bernd Horn and Major Tony Balasevicius ; foreword by Colonel David Barr.</marc:subfield>
    </marc:datafield>
    <marc:datafield tag="246" ind1="1" ind2="0">
      <marc:subfield code="a">Canadian perspectives on special operations forces</marc:subfield>
    </marc:datafield>
    <marc:datafield tag="264" ind1=" " ind2="1">
      <marc:subfield code="a">Toronto, Ontario, Canada : </marc:subfield>
      <marc:subfield code="b">Dundurn Press ; </marc:subfield>
      <marc:subfield code="a">Kingston, Ontario, Canada : </marc:subfield>
      <marc:subfield code="b">Canadian Defence Academy Press ; </marc:subfield>
      <marc:subfield code="a">[Ottawa] : </marc:subfield>
      <marc:subfield code="b">Department of National Defence : </marc:subfield>
      <marc:subfield code="b">Public Works and Government Services Canada, </marc:subfield>
      <marc:subfield code="c">[2007]</marc:subfield>
    </marc:datafield>
    <marc:datafield tag="264" ind1=" " ind2="4">
      <marc:subfield code="c">©2007</marc:subfield>
    </marc:datafield>
    <marc:datafield tag="300" ind1=" " ind2=" ">
      <marc:subfield code="a">1 online resource (324 pages)</marc:subfield>
    </marc:datafield>
    <marc:datafield tag="336" ind1=" " ind2=" ">
      <marc:subfield code="a">text</marc:subfield>
      <marc:subfield code="b">txt</marc:subfield>
      <marc:subfield code="2">rdacontent</marc:subfield>
    </marc:datafield>
    <marc:datafield tag="337" ind1=" " ind2=" ">
      <marc:subfield code="a">computer</marc:subfield>
      <marc:subfield code="b">c</marc:subfield>
      <marc:subfield code="2">rdamedia</marc:subfield>
    </marc:datafield>
    <marc:datafield tag="338" ind1=" " ind2=" ">
      <marc:subfield code="a">online resource</marc:subfield>
      <marc:subfield code="b">cr</marc:subfield>
      <marc:subfield code="2">rdacarrier</marc:subfield>
    </marc:datafield>
    <marc:datafield tag="500" ind1=" " ind2=" ">
      <marc:subfield code="a">Digitized by Publishing and Depository Services Program.</marc:subfield>
    </marc:datafield>
    <marc:datafield tag="500" ind1=" " ind2=" ">
      <marc:subfield code="a">Issued also in French under title: Lumières sur les forces de l'ombre : une perspective canadienne sur les forces d'opérations spéciales.</marc:subfield>
    </marc:datafield>
    <marc:datafield tag="504" ind1=" " ind2=" ">
      <marc:subfield code="a">Includes bibliographical references and index.</marc:subfield>
    </marc:datafield>
    <marc:datafield tag="505" ind1="0" ind2=" ">
      <marc:subfield code="a">Foreword by Colonel David Barr -- Acknowledgements -- Introduction by Bernd Horn and Tony Balasevicius -- Part I. Theoretical foundation to understanding Special Operations Forces. 1, Special Operations Forces: uncloaking an Enigma / Bernd Horn -- 2, Finding the right stuff: Special Operations Forces selection / Tony Balasevicius -- 3, Understanding excellence: training Special Operations Forces / Tony Balasevicius -- 4, Thinking outside the box: understanding SOF leadership / Tony Balasevicius -- 5, When cultures collide: the conventional military /SOF chasm / Bernd Horn -- 6, When the Guns Stop: Leveraging SOF for Post-Conflict Success / Bernd Horn -- Part II. Historical context. 7, "Avenging Angels": the ascent of SOF as the force of choice in the new security environment / Bernd Horn -- 8, Who has seen the wind? A historical overview of Canadian special operations / Sean M. Maloney -- 9, Seamless black? observations on the Canadian SOF experience / Michael A. Hennessy -- 10, Special Operations Forces: relevant, ready, and precise / Jamie W. Hammond -- Part III. The way ahead for Canadian Special Operations Forces. 11, Putting a square peg in a round hole: finding a special forces capability for the Canadian Army / Tony Balasevicius -- 12, The evolving requirements of the Canadian Special Operations Forces: a future concept paper / J. Paul de B. Taillon -- 13, Canadian Special Operations Forces: a blueprint for the future / Bernard J. Brister -- Afterword by Bernd Horn and Tony Balasevicius -- Glossary of Acronyms and Abbreviations -- Contributors -- Index.</marc:subfield>
    </marc:datafield>
    <marc:datafield tag="520" ind1=" " ind2=" ">
      <marc:subfield code="a">"It has become a cliché to state that the world changed dramatically in the aftermath of the terrorist attack against the World Trade Center in New York City on 11 September 2001. However, it did, and that heinous act has had dramatic repercussions around the globe. Canada has not been exempt. The cataclysmic event and its consequences altered how we look at the world. It was also important in determining the type of military forces we as a nation required to defend Canadian interests domestically and internationally. Not surprisingly, as the Canadian Forces continues to undergo a major transformation, a key component of its reconfiguration is the establishment of a Canadian Special Operations Forces Command (CANSOFCOM). This new command provides the nation with agile, high-readiness Special Operations Forces capable of conducting special operations across the spectrum of conflict at home and abroad. However, as effective as SOF has proven to be worldwide, it remains poorly understood by the conventional military, politicians, and the public at large. This seminal book opens a window on Special Operations Forces. In short, it provides an authoritative examination of SOF theory, history, and current issues, as well as provocative views on the future"--Foreword, pages [9]-10.</marc:subfield>
    </marc:datafield>
    <marc:datafield tag="530" ind1=" " ind2=" ">
      <marc:subfield code="a">Issued also in printed form.</marc:subfield>
    </marc:datafield>
    <marc:datafield tag="650" ind1=" " ind2="0">
      <marc:subfield code="a">Special forces (Military science)</marc:subfield>
      <marc:subfield code="z">Canada.</marc:subfield>
    </marc:datafield>
    <marc:datafield tag="651" ind1=" " ind2="0">
      <marc:subfield code="a">Canada</marc:subfield>
      <marc:subfield code="x">History, Military</marc:subfield>
      <marc:subfield code="y">20th century.</marc:subfield>
    </marc:datafield>
    <marc:datafield tag="651" ind1=" " ind2="0">
      <marc:subfield code="a">Canada</marc:subfield>
      <marc:subfield code="x">History, Military</marc:subfield>
      <marc:subfield code="y">21st century.</marc:subfield>
    </marc:datafield>
    <marc:datafield tag="700" ind1="1" ind2=" ">
      <marc:subfield code="a">Horn, Bernd, </marc:subfield>
      <marc:subfield code="d">1959- </marc:subfield>
      <marc:subfield code="e">editor.</marc:subfield>
    </marc:datafield>
    <marc:datafield tag="710" ind1="1" ind2=" ">
      <marc:subfield code="a">Canada. </marc:subfield>
      <marc:subfield code="b">Department of National Defence, </marc:subfield>
      <marc:subfield code="e">issuing body.</marc:subfield>
    </marc:datafield>
    <marc:datafield tag="775" ind1="0" ind2="8">
      <marc:subfield code="t">Lumières sur les forces de l'ombre : </marc:subfield>
      <marc:subfield code="w">(CaOODSP)9.888836</marc:subfield>
    </marc:datafield>
    <marc:datafield tag="776" ind1="0" ind2="#">
      <marc:subfield code="t">Casting light on the shadows : </marc:subfield>
      <marc:subfield code="w">(CaOODSP)9.650620</marc:subfield>
    </marc:datafield>
    <marc:datafield tag="856" ind1="4" ind2="0">
      <marc:subfield code="q">PDF</marc:subfield>
      <marc:subfield code="s">5.13 MB</marc:subfield>
      <marc:subfield code="u">https://publications.gc.ca/collections/collection_2020/mdn-dnd/D2-193-2007-eng.pdf</marc:subfield>
    </marc:datafield>
  </marc:record>
</marc:collection>
